Príspevok k teórii marketingu miesta

Príspevok sa zaoberá časťou teórie marketingovej subkoncepcie, a to marketingom miesta. Dôraz kladie na časť terminológie tejto vednej disciplíny, na samotné pomenovanie, na názov vedeckej disciplíny.

Enregistré dans:
Détails bibliographiques
Auteur principal: Viestová, Kristína
Format: Chapitre de livre
Langue:slovaque
Sujets:
Tags: Ajouter un tag
Pas de tags, Soyez le premier à ajouter un tag!

MARC

LEADER 00000nla$a2200000$$$4500
001 0129729
005 20221207081555.1
041 0 |a slo 
044 |a SK 
245 1 0 |a Príspevok k teórii marketingu miesta  |c Kristína Viestová 
520 |a Príspevok sa zaoberá časťou teórie marketingovej subkoncepcie, a to marketingom miesta. Dôraz kladie na časť terminológie tejto vednej disciplíny, na samotné pomenovanie, na názov vedeckej disciplíny. 
610 2 0 |a marketing 
610 2 0 |a marketing územia 
610 2 0 |a terminológia 
100 1 |a Viestová, Kristína